000 00407nam a2200157Ia 4500
008 230718s9999 xx 000 0 und d
041 _aeng
082 _a005.678
_bPRA
100 _aPrasad R.
_9118505
245 _aDigital Marketing Concepts & Experiences
260 _c2002
_bICFAI Books
300 _a189
365 _cRs.
_b350.00
700 _aPrasad R.
_9118505
906 _d12/4/06/IPRESS/2006
_cIT
999 _c313498
_d313498